[Event "Avoine op 27th"]
[Site "Avoine"]
[Date "2012.07.26"]
[Round "6"]
[White "Dumitrache, Dragos Nicolae"]
[Black "Hallay, Axel"]
[Result "1-0"]
[WhiteElo "2447"]
[BlackElo "1983"]
[PlyCount "89"]
[EventDate "2012.07.21"]
[EventType "swiss"]
[EventRounds "9"]
[EventCountry "FRA"]
[SourceTitle "CBM 149 Extra"]
[Source "ChessBase"]
[SourceDate "2012.08.24"]
[SourceVersion "1"]
[SourceVersionDate "2012.08.24"]
[SourceQuality "1"]

1. d4 e6 2. Nf3 Nf6 3. c4 b6 4. g3 Ba6 5. Qa4 Bb7 6. Bg2 Be7 7. 0-0 0-0 8. Nc3 c5 9. dxc5 Bxc5 10. Bf4 d5 11. Rad1 Qc8 12. Ne5 d4 13. Nb5 Bxg2 14. Kxg2 Qb7+ 15. f3 Nc6 16. Nd6 Bxd6 17. Qxc6 Qxc6 18. Nxc6 Bxf4 19. gxf4 b5 20. Rxd4 bxc4 21. Rxc4 Nd5 22. Kf2 f5 23. Rfc1 Kf7 24. Ra4 Rfc8 25. Ne5+ Kf6 26. Rxc8 Rxc8 27. Nd3 Rc7 28. Ra6 Re7 29. Rd6 g5 30. fxg5+ Kxg5 31. Nc5 Nc7 32. Rd7 Rxd7 33. Nxd7 f4 34. Nc5 h5 35. Kg2 Kf5 36. Kh3 Kg5 37. a3 Kf5 38. Kh4 Kg6 39. b4 Nb5 40. Nxe6 Kf5 41. a4 Nc3 42. Nd4+ Ke5 43. Nc6+ Kd5 44. Nxa7 Nxe2 45. Kxh5 1-0

[Event "Avoine op 27th"]
[Site "Avoine"]
[Date "2012.07.21"]
[Round "1"]
[White "Hallay, Axel"]
[Black "Mevel, Alberic"]
[Result "0-1"]
[WhiteElo "1983"]
[BlackElo "2188"]
[PlyCount "42"]
[EventDate "2012.07.21"]
[EventType "swiss"]
[EventRounds "9"]
[EventCountry "FRA"]
[SourceTitle "CBM 149 Extra"]
[Source "ChessBase"]
[SourceDate "2012.08.24"]
[SourceVersion "1"]
[SourceVersionDate "2012.08.24"]
[SourceQuality "1"]

1. d4 Nf6 2. c4 c5 3. d5 b5 4. cxb5 a6 5. b6 Qxb6 6. Nc3 d6 7. e4 g6 8. f4 Bg7 9. Nf3 0-0 10. Bc4 a5 11. 0-0 Ba6 12. Nd2 Nbd7 13. Qe2 Ne8 14. Nb5 Bxb5 15. Bxb5 c4+ 16. Kh1 Qxb5 17. a4 Qa6 18. Rf3 c3 19. Qxa6 cxb2 20. Qxa8 bxa1Q 21. Qc6 Nc5 0-1

[Event "FRA-ch op-B"]
[Site "Caen"]
[Date "2011.08.26"]
[Round "10"]
[White "Hallay, Axel"]
[Black "Malassagne, Raphael"]
[Result "1/2-1/2"]
[WhiteElo "1927"]
[BlackElo "1833"]
[PlyCount "199"]
[EventDate "2011.08.16"]
[EventType "swiss"]
[EventRounds "11"]
[EventCountry "FRA"]
[SourceTitle "EXT 2012"]
[Source "ChessBase"]
[SourceDate "2011.11.24"]
[SourceVersion "1"]
[SourceVersionDate "2011.11.24"]
[SourceQuality "1"]

1. a3 Nf6 2. c4 c5 3. g3 e6 4. Bg2 Nc6 5. Nf3 Be7 6. Nc3 d5 7. cxd5 Nxd5 8. 0-0 0-0 9. Qc2 b6 10. Nxd5 exd5 11. d4 Nxd4 12. Nxd4 cxd4 13. Rd1 Bf6 14. e3 Bg4 15. f3 Rc8 16. Qf2 dxe3 17. Bxe3 Bf5 18. Rd2 Re8 19. Rad1 Be6 20. f4 Bg4 21. Bf3 Bxf3 22. Qxf3 Qe7 23. Bd4 Bxd4+ 24. Rxd4 Rc2 25. Rxd5 Qe1+ 26. Rxe1 Rxe1+ 27. Qf1 Rxf1+ 28. Kxf1 Kf8 29. Rd7 Rxb2 30. Rxa7 Rxh2 31. Rb7 Ra2 32. Rxb6 Rxa3 33. Kg2 Re3 34. Rb7 f6 35. Kf2 Re7 36. Rb5 g6 37. g4 Kf7 38. Kf3 Rc7 39. f5 Rc3+ 40. Kg2 gxf5 41. Rxf5 Kg6 42. Ra5 Re3 43. Kf2 Rb3 44. Kg2 h6 45. Kf2 Rc3 46. Rb5 Ra3 47. Rc5 Ra2+ 48. Kf3 Rh2 49. Kf4 Rf2+ 50. Ke3 Rf1 51. Ra5 Re1+ 52. Kf3 Re5 53. Ra7 Rb5 54. Kg3 h5 55. gxh5+ Rxh5 56. Kf4 Rh4+ 57. Kg3 Re4 58. Kf3 Rb4 59. Ra8 Kg5 60. Rg8+ Kf5 61. Rf8 Rb3+ 62. Kf2 Ke5 63. Ra8 Kf4 64. Ra4+ Kg5 65. Ra1 f5 66. Ke2 Kg4 67. Ra8 Rb2+ 68. Kf1 f4 69. Ra3 Rh2 70. Kg1 Rb2 71. Kf1 Rc2 72. Rb3 Rc1+ 73. Kf2 Ra1 74. Kg2 Re1 75. Kf2 Rd1 76. Ra3 Rd2+ 77. Kf1 Rd8 78. Kf2 Rh8 79. Kg2 Rh7 80. Rb3 Rf7 81. Rb4 Re7 82. Ra4 Re2+ 83. Kf1 Re3 84. Kf2 Rb3 85. Ra2 Rh3 86. Ra8 Rh2+ 87. Kg1 Re2 88. Ra3 Re3 89. Ra2 Kf3 90. Rf2+ Ke4 91. Ra2 Kf3 92. Rf2+ Kg4 93. Ra2 Rf3 94. Kg2 Rg3+ 95. Kf2 Re3 96. Rb2 Rh3 97. Rb8 Rh2+ 98. Kg1 Ra2 99. Rb3 f3 100. Rb8 1/2-1/2

[Event "FRA-ch op-B"]
[Site "Caen"]
[Date "2011.08.24"]
[Round "8"]
[White "Hallay, Axel"]
[Black "Collette, Gilles"]
[Result "1/2-1/2"]
[WhiteElo "1927"]
[BlackElo "1895"]
[PlyCount "92"]
[EventDate "2011.08.16"]
[EventType "swiss"]
[EventRounds "11"]
[EventCountry "FRA"]
[SourceTitle "EXT 2012"]
[Source "ChessBase"]
[SourceDate "2011.11.24"]
[SourceVersion "1"]
[SourceVersionDate "2011.11.24"]
[SourceQuality "1"]

1. d4 Nf6 2. c4 Nc6 3. Nf3 e6 4. Nc3 Bb4 5. Qc2 d6 6. a3 Bxc3+ 7. Qxc3 Ne4 8. Qc2 f5 9. e3 0-0 10. Bd3 Nf6 11. 0-0 Qd7 12. b4 e5 13. dxe5 Nxe5 14. Nxe5 dxe5 15. Bb2 e4 16. Be2 Qe7 17. Rfd1 Be6 18. c5 Qf7 19. Rac1 Rad8 20. Rd4 Rxd4 21. Bxd4 Nd5 22. Bc4 Rd8 23. Qb3 f4 24. exf4 Nxf4 25. Bxe6 Qxe6 26. Qxe6+ Nxe6 27. Be3 Rd3 28. Ra1 Rb3 29. Kf1 Kf7 30. Ra2 Kf6 31. Ke2 g5 32. Kd2 Rd3+ 33. Kc2 Ke5 34. a4 Nf4 35. g3 Nd5 36. Bd2 g4 37. Rb2 Rf3 38. Be1 Kd4 39. Rb1 Kc4 40. Kd1 Nc3+ 41. Bxc3 Kxc3 42. Ke2 Kc2 43. Rh1 Kb3 44. h3 h5 45. hxg4 hxg4 46. Rh7 Kxa4 1/2-1/2

[Event "Avoine op 26th"]
[Site "Avoine"]
[Date "2011.07.24"]
[Round "2"]
[White "Hallay, Axel"]
[Black "Fruteau, Sabine"]
[Result "0-1"]
[WhiteElo "1927"]
[BlackElo "2102"]
[PlyCount "56"]
[EventDate "2011.07.23"]
[EventType "swiss"]
[EventRounds "9"]
[EventCountry "FRA"]
[SourceTitle "EXT 2012"]
[Source "ChessBase"]
[SourceDate "2011.11.24"]
[SourceVersion "1"]
[SourceVersionDate "2011.11.24"]
[SourceQuality "1"]

1. d4 Nf6 2. c4 e6 3. Nf3 Bb4+ 4. Bd2 Qe7 5. Qc2 Bxd2+ 6. Nbxd2 d6 7. g3 Nc6 8. Bg2 0-0 9. 0-0 e5 10. d5 Nb8 11. b4 h6 12. e4 Bg4 13. h3 Bd7 14. Rfc1 c6 15. c5 cxd5 16. exd5 Nxd5 17. cxd6 Qe6 18. a3 Nc6 19. Re1 f6 20. Qd3 Nb6 21. b5 Nd8 22. a4 a5 23. Rac1 Nf7 24. Ne4 Nxa4 25. Nfd2 f5 26. Nc5 Nxc5 27. Rxc5 e4 28. Qc4 Nxd6 0-1

[Event "Angers op 2nd"]
[Site "Angers"]
[Date "2007.04.15"]
[Round "6.21"]
[White "Caillot, Arnaud"]
[Black "Hallay, Axel"]
[Result "1-0"]
[WhiteElo "1781"]
[BlackElo "1610"]
[PlyCount "53"]
[EventDate "2007.04.13"]
[EventType "swiss"]
[EventRounds "6"]
[EventCountry "FRA"]
[SourceTitle "CBM 117 Extra"]
[Source "ChessBase"]
[SourceDate "2007.05.09"]
[SourceVersion "1"]
[SourceVersionDate "2007.05.09"]
[SourceQuality "1"]

1. d4 d6 2. c4 e5 3. Nc3 exd4 4. Qxd4 Nc6 5. Qd1 Be6 6. e4 Nf6 7. Nf3 Ne5 8. b3 Be7 9. Be2 h6 10. 0-0 Qd7 11. Nd4 Bg4 12. f3 Bh5 13. Be3 g5 14. Rc1 Bg6 15. b4 Nh7 16. Nd5 Bd8 17. c5 c6 18. Nc3 a5 19. b5 dxc5 20. bxc6 bxc6 21. Nb3 Qc8 22. Bxc5 Bc7 23. Bd6 Bb6+ 24. Nc5 Nf8 25. N3a4 Ned7 26. Nxb6 Nxb6 27. Qd4 1-0